000 00578nam a22001937a 4500
999 _c3036
_d3036
003 AR-CdUCM
008 190305b ||||| |||| 00| 0 spa d
040 _aMUNICIPALIDAD PROVINCIAL DEL CUSCO
_cBIBLIOTECA MUNICIPAL DEL CUSCO
082 _a848.8 /
_bB28
100 _aBazin, Rene
_910335
245 _aLos noellet /
260 _aParis :
_bLibreria Paul Ollendorff,
300 _a281 paginas ;
_c20 cm.
505 _aContenido :Los noellet.
650 _aNovelas francesas
_9571
700 _aDe Toro Gisber, Miguel (traductor)
_910336
942 _2ddc
_cLIBROS
945 _arum